Normal view
MARC view
- Educational leadership. School management and organization.
Entry Topical Term
001 - CONTROL NUMBER
- control field: 86758
003 - CONTROL NUMBER IDENTIFIER
- control field: OSt
005 - DATE AND TIME OF LATEST TRANSACTION
- control field: 20251010081424.0
008 - FIXED-LENGTH DATA ELEMENTS
- fixed length control field: 251010|| aca||aabn | a|a d
040 ## - CATALOGING SOURCE
- Original cataloging agency: OSt
- Transcribing agency: OSt
150 ## - HEADING--TOPICAL TERM
- Topical term or geographic name as entry element: Educational leadership. School management and organization.
- General subdivision: Social aspects
- Form subdivision: Cross-cultural studies
670 ## - SOURCE DATA FOUND
- Source citation: Work cat.: (OSt)49640: School leadership and administration :, 2002.